LEADER 04390nam 22006374a 450 001 9911019678703321 005 20200520144314.0 010 $a9786610739585 010 $a9781280739583 010 $a1280739584 010 $a9780470029350 010 $a0470029358 010 $a9780470029343 010 $a047002934X 035 $a(CKB)1000000000357354 035 $a(EBL)284444 035 $a(SSID)ssj0000103544 035 $a(PQKBManifestationID)11132832 035 $a(PQKBTitleCode)TC0000103544 035 $a(PQKBWorkID)10071045 035 $a(PQKB)10852470 035 $a(MiAaPQ)EBC284444 035 $a(OCoLC)177138130 035 $a(Perlego)2751200 035 $a(EXLCZ)991000000000357354 100 $a20060919d2006 uy 0 101 0 $aeng 135 $aur|n|---||||| 181 $ctxt 182 $cc 183 $acr 200 00$aAngiogenesis assays $ea critical appraisal of current techniques /$f[edited by] Carolyn A. Staton, Claire Lewis, Roy Bicknell 210 $aChichester, England ;$aHoboken, NJ $cJ. Wiley & Sons$dc2006 215 $a1 online resource (420 p.) 300 $aDescription based upon print version of record. 311 08$a9780470016008 311 08$a0470016000 320 $aIncludes bibliographical references and index. 327 $aEndothelial cell biology / Femke Hillen, Veerie Meloote, Judy R. van Beijnum and Arjan W. Griffioen -- Endothelial cell proliferation assays / Wen-Sen Lee -- Endothelial cell migration assays / Christos Polytarchou, Maria Hatziapostolou and Evangelia Papadimitriou -- Tubule formation assays / Ewen J. Smith and Carolyn A. Staton -- Modelling the effects of the haemodynamic environment on endothelial cell responses relevant to angiogenesis / Gerard B. Nash and Stuart Egginton -- Whole or partial vessel outgrowth assays / Cindy H. Chau and William D. Figg -- Assaying endothelial mural cell interactions / Melissa K. Nix and Karen K. Hirschi -- Assays for membrane and intracellular signalling events / Vittorio Tomasi, Cristiana Griffoni, Spartaco Santi, Patrizia Lenaz, Rosa Anna Iorio, Antonio Strillacci and Enzo Spisni -- Implantation of sponges and polymers / Silvia P. Andrade, Monica A. N. D. Ferreira, and Tai-Ping Fan -- Angiogenesis assays in the chick / Andries Zijlstra, David Mikolon and Dwayne G. Stupack -- Corneal angiogenesis assay / Siqing Shan and Mark W. Dewhirst -- 327 $aDorsal air sac model / Sei Yonezawa, Tomohiro Asai and Naoto Oku -- Chamber assays / Michael D. Menger, Matthias W. Laschke and Brigitte Vollmar -- Tumour models : analysis of angiogenesis in vivo / Sven A. Lang and Oliver Stoeltzing -- Angiomouse : imageable models of angiogenesis / Robert M. Hoffman -- Techniques and advances in vascular imaging in Danio rerio / Kenna R. Mills Shaw and Brant M. Weinstein -- Biological and clinical implications of recruitment of stem cells into angiogenesis / Gianluigi Castoldi, Antonio Cuneo and Gian Matteo Rigolin -- Methods for monitoring of the anti-angiogenic activity of agents in patients : novel trial design / Shannon Smiley, Michael K. K. Wong and Shaker A. Mousa -- An overview of current angiogenesis assays : choice of assay, precautions in interpretation, future requirements and directions / Robert Auerbach. 330 $aAngiogenesis, the development of new blood vessels from the existing vasculature, is essential for physiological growth and over 18,000 research articles have been published describing the role of angiogenesis in over 70 different diseases, including cancer, diabetic retinopathy, rheumatoid arthritis and psoriasis. One of the most important technical challenges in such studies has been finding suitable methods for assessing the effects of regulators of eh angiogenic response. While increasing numbers of angiogenesis assays are being described both in vitro and in vivo, it is often still necess 606 $aBlood-vessels$xGrowth 606 $aNeovascularization 615 0$aBlood-vessels$xGrowth. 615 0$aNeovascularization. 676 $a612.1/3 701 $aStaton$b Carolyn$01840387 701 $aLewis$b Claire E$077323 701 $aBicknell$b R. J$g(R. John)$01840388 801 0$bMiAaPQ 801 1$bMiAaPQ 801 2$bMiAaPQ 906 $aBOOK 912 $a9911019678703321 996 $aAngiogenesis assays$94419905 997 $aUNINA